[Event "ITA-ch U16"]
[Site "Merano"]
[Date "2008.07.12"]
[Round "9"]
[White "Morello, Guido"]
[Black "Muccini, Marco"]
[Result "1/2-1/2"]
[WhiteElo "1978"]
[BlackElo "1866"]
[PlyCount "65"]
[EventDate "2008.07.06"]
[EventType "swiss"]
[EventRounds "9"]
[EventCountry "ITA"]
[SourceTitle "EXT 2011"]
[Source "ChessBase"]
[SourceDate "2010.11.26"]
[SourceVersion "1"]
[SourceVersionDate "2010.11.26"]
[SourceQuality "1"]

1. e4 e5 2. d4 exd4 3. c3 d3 4. Bxd3 Nc6 5. Nf3 Bc5 6. 0-0 d6 7. Bc4 Nf6 8. e5 dxe5 9. Qxd8+ Nxd8 10. Nxe5 Be6 11. Nd2 0-0 12. Bb3 Bxb3 13. Nxb3 Ne6 14. Nxc5 Nxc5 15. Be3 Ne6 16. Rad1 a6 17. Nd7 Nxd7 18. Rxd7 Rfd8 19. Rfd1 Rxd7 20. Rxd7 Rd8 21. Rxd8+ Nxd8 22. Kf1 Kf8 23. Ke2 Ne6 24. b3 Ke7 25. Kd3 Kd6 26. a3 f5 27. f3 Ke5 28. f4+ Kd5 29. c4+ Kd6 30. b4 c5 31. Bd2 b6 32. Bc3 Kc6 33. Bb2 1/2-1/2

[Event "Vignola op 5th"]
[Site "Vignola"]
[Date "2006.11.25"]
[Round "2"]
[White "Roteglia, Giovanni"]
[Black "Muccini, Marco"]
[Result "0-1"]
[WhiteElo "1589"]
[BlackElo "1849"]
[PlyCount "86"]
[EventDate "2006.11.24"]
[EventType "swiss"]
[EventRounds "5"]
[EventCountry "ITA"]
[SourceTitle "EXT 2011"]
[Source "ChessBase"]
[SourceDate "2010.11.26"]
[SourceVersion "1"]
[SourceVersionDate "2010.11.26"]
[SourceQuality "1"]

1. g3 d5 2. Bg2 e5 3. d3 c5 4. Nf3 Nc6 5. 0-0 Bg4 6. h3 Be6 7. Kh2 Nf6 8. Bg5 h6 9. Bxf6 Qxf6 10. Nc3 Be7 11. Nd2 Rd8 12. e4 d4 13. Ne2 g5 14. f3 Qg7 15. g4 h5 16. Ng3 h4 17. Nf5 Qf6 18. Re1 b5 19. Bf1 Bd6 20. Kh1 Ne7 21. Qe2 Ng6 22. a4 Nf4 23. Qd1 a6 24. axb5 axb5 25. Ra5 Bd7 26. Qa1 0-0 27. b3 Bxf5 28. exf5 Bc7 29. Ra6 Qe7 30. Ne4 f6 31. Qa3 Rd5 32. Ra1 Bd8 33. Ra7 Rd7 34. Rxd7 Qxd7 35. Qxc5 Be7 36. Ra7 Bxc5 37. Rxd7 Ba3 38. Rb7 b4 39. Rb6 Kg7 40. Rb7+ Kg8 41. Rd7 Rf7 42. Rd6 Kg7 43. Nc5 Rc7 0-1